Genetic engineering for crop improvement. (Record no. 29771)
[ view plain ]
| 000 -LEADER | |
|---|---|
| fixed length control field | 00401nam a2200145Ia 4500 |
| 082 ## - DEWEY DECIMAL CLASSIFICATION NUMBER | |
| Classification number | 575:631.523 |
| Item number | RAC |
| 100 ## - MAIN ENTRY--AUTHOR NAME | |
| Personal name | LYMAN, Judith M |
| 245 #0 - TITLE STATEMENT | |
| Title | Genetic engineering for crop improvement. |
| 260 ## - PUBLICATION, DISTRIBUTION, ETC. (IMPRINT) | |
| Place of publication | USA |
| Name of publisher | Rockfeller |
| Year of publication | 1981 |
| 650 ## - SUBJECT ADDED ENTRY--TOPICAL TERM | |
| Topical Term | Genetic engineering |
| 650 ## - SUBJECT ADDED ENTRY--TOPICAL TERM | |
| Topical Term | Tissue culture techniques |
| 700 ## - ADDED ENTRY--PERSONAL NAME | |
| Personal name | RACHIE, Kenneth O |
| 942 ## - ADDED ENTRY ELEMENTS (KOHA) | |
| Koha item type | Books |
| Withdrawn status | Lost status | Damaged status | Not for loan | Home library | Current library | Date acquired | Full call number | Accession Number | Koha item type |
|---|---|---|---|---|---|---|---|---|---|
| RRII Library | RRII Library | 16/12/2021 | 575:631.523 RAC | 10352 | Books |